000 00873nam a22002417a 4500
005 20170804105354.0
010 _aBAC-CH25
020 _a9789382618966
_c225.00
035 _aB-558795-825
035 _aB-664607
035 _aG-003104
037 _adpl
_bUBH/Ven
082 _aN
100 _aDalal, Deepak
245 _aAndaman:
_cby Deepak Dalal
_badventure barren island /
260 _aNew Delhi
_bWestland
_c2013
270 _a93, Ist Floor, Sham Lal Road, Daryaganj
_bNew Delhi
_e110002
300 _a246p.
_c19cm(pbk)
942 _2ddc
_cCH
_mDAL
_hN
999 _c86690
_d86690